|
|
|
|
| LEADER |
01534nam a2200361 a 4500 |
| 001 |
00016982 |
| 003 |
BD-DhAAL |
| 008 |
090621s2006 njua b 001 0 eng d |
| 010 |
|
|
|a \\2006001106
|
| 020 |
|
|
|a 1588292908 (alk. paper)
|
| 020 |
|
|
|a 1597450537 (e-ISBN)
|
| 020 |
|
|
|a 9781588292902
|
| 040 |
|
|
|a DNLM/DLC
|c DLC
|d NLM
|d BAKER
|d C#P
|d DLC
|d BD-DhAAL
|
| 082 |
0 |
0 |
|a 660.634
|2 22
|
| 245 |
0 |
0 |
|a Immobilization of enzymes and cells /
|c edited by Jose M. Guisan.
|
| 250 |
|
|
|a Second edition.
|
| 260 |
|
|
|a Totowa, N.J. :
|b Humana Press,
|c c2006.
|
| 300 |
|
|
|a xiv, 449 p. :
|b ill. ;
|c 24 cm
|
| 490 |
1 |
|
|a Methods in biotechnology ;
|v 22
|
| 504 |
|
|
|a Includes bibliographical references and index.
|
| 526 |
|
|
|a MNS
|b Professor Naiyyum Choudhury
Department of Mathematics and Natural Sciences
BRAC University
|
| 541 |
1 |
|
|e 00016982
|a Paragon Enterprises LTD.
|
| 650 |
|
0 |
|a Immobilized enzymes
|x Biotechnology.
|9 57848
|
| 650 |
|
0 |
|a Immobilized cells
|x Biotechnology.
|9 57849
|
| 650 |
1 |
2 |
|a Enzymes, Immobilized.
|9 57850
|
| 650 |
2 |
2 |
|a Biotechnology
|x methods.
|9 3200
|
| 650 |
2 |
2 |
|a Cells, Immobilized.
|9 57851
|
| 700 |
1 |
|
|a Guisan, Jose M.
|9 57852
|
| 830 |
|
|
|a Methods in biotechnology ;
|v 22
|9 57853
|
| 852 |
4 |
|
|a Ayesha Abed Library
|c General Stacks
|
| 942 |
|
|
|2 ddc
|c BK
|
| 999 |
|
|
|c 1608
|d 1608
|
| 952 |
|
|
|0 0
|1 0
|2 ddc
|4 0
|6 660_634000000000000_IMM_2006
|7 0
|9 1477
|a BRACUL
|b BRACUL
|c GEN
|d 2009-06-28
|e Paragon Enterprises LTD
|g 8634.00
|l 6
|m 15
|o 660.634 IMM
|p 3010016982
|r 2022-09-08
|s 2022-06-06
|t 1
|w 2009-06-28
|y BK
|x Requisitioned by Professor Naiyyum Choudhury.
|